Hilea magdalenesa : (Registro nro. 30838)

Detalles MARC
000 -LEADER
fixed length control field 01304nam a22002297a 4500
003 - CONTROL NUMBER IDENTIFIER
control field OSt
005 - DATE AND TIME OF LATEST TRANSACTION
control field 20240930090306.0
008 - FIXED-LENGTH DATA ELEMENTS--GENERAL INFORMATION
fixed length control field 240930b |||a|||| |||| 00| 0 eng d
020 ## - INTERNATIONAL STANDARD BOOK NUMBER
International Standard Book Number 9789585210288
037 ## - SOURCE OF ACQUISITION
Source of stock number/acquisition Donación
040 ## - CATALOGING SOURCE
Original cataloging agency CO-JMCR
Language of cataloging spa
Transcribing agency CO-JMCR
Modifying agency CO-JMCR
Description conventions rda
041 0# - LANGUAGE CODE
Language code of text/sound track or separate title spa
082 04 - DEWEY DECIMAL CLASSIFICATION NUMBER
Edition number 23
Classification number 918.6
Item number P94e
100 ## - MAIN ENTRY--PERSONAL NAME
9 (RLIN) 95179
Personal name Pérez Arbeláez, Enrique
245 10 - TITLE STATEMENT
Title Hilea magdalenesa :
Remainder of title Prospección Económica del Valle Tropical del Río Magdalena /
Statement of responsibility, etc. Enrique Pérez Arbeláez
260 ## - PUBLICATION, DISTRIBUTION, ETC.
Place of publication, distribution, etc. Bogotá D.C. :
Name of publisher, distributor, etc. Sociedad Geográfica de Colombia,
Date of publication, distribution, etc. 2019.
300 ## - PHYSICAL DESCRIPTION
Extent 352 páginas:
Other physical details ilustraciones;
Dimensions 28.5 cm.
504 ## - BIBLIOGRAPHY, ETC. NOTE
Bibliography, etc. note Incluye referencias Bibliográficas
505 ## - FORMATTED CONTENTS NOTE
Formatted contents note 1 El conjunto del río-vía y su evolución 2 El conjunto de la hoya Magdalenesa y su evolución 3 El objeto presente estudio 4 Devaluación y revaluación de tierras 5 El agua y factores relacionados en la Hilera Magdalenesa 6 Minerales y petróleos 7 Los bosques 8 La producción agrícola 9 Ganadería 10 La pesca 11 La caza 12 El hombre Magdalenés 13 El comercio 14 La inmigración 15 La conferencia del Magdalena 16 El instituto científico de la Hilea Magdalenesa 17 Los grandes ríos de la civilización 18 Conclusión idealista
710 ## - ADDED ENTRY--CORPORATE NAME
9 (RLIN) 86457
Corporate name or jurisdiction name as entry element Sociedad Geográfica de Colombia
942 ## - ADDED ENTRY ELEMENTS (KOHA)
Source of classification or shelving scheme Dewey Decimal Classification
Koha item type Books
Existencias
Withdrawn status Lost status Source of classification or shelving scheme Damaged status Not for loan Collection code Home library Current library Shelving location Date acquired Total Checkouts Full call number Barcode Date last seen Date last checked out Copy number Price effective from Koha item type
    Dewey Decimal Classification     Non-fiction Biblioteca Pública José María del Castillo y Rada Biblioteca Pública José María del Castillo y Rada Book Cart 06/21/2023 1 918.6 P94e 201812471 06/03/2025 05/30/2025 Ej.1 09/30/2024 Books